Spell the Marvel Character #163 - Statistics

General Stats
  • This quiz has been taken 14 times
  • The average score is 7 of 8
Answer Stats
Picture Answer % Correct
Red Hulk
100%
Spider-Gwen
100%
Adam Warlock
92%
Iceman
92%
Polaris
92%
Lockheed
85%
Outlaw
85%
Prodigy
38%
No matching quizzes found
Score Distribution
Percent of People with Each Score
Percentile by Number Answered
Your Score History
You have not taken this quiz